[Event "Nicolo La Rosa op 15th"]
[Site "Mazara del Vallo"]
[Date "2007.08.12"]
[Round "6"]
[White "Di Liberti, Ivan"]
[Black "La Bella, Massimiliano"]
[Result "0-1"]
[WhiteElo "1635"]
[BlackElo "1826"]
[PlyCount "54"]
[EventDate "2007.08.10"]
[EventType "swiss"]
[EventRounds "6"]
[EventCountry "ITA"]
[SourceTitle "EXT 2011"]
[Source "ChessBase"]
[SourceDate "2010.11.26"]
[SourceVersion "1"]
[SourceVersionDate "2010.11.26"]
[SourceQuality "1"]

1. d4 Nf6 2. c4 e6 3. Nc3 Bb4 4. e3 0-0 5. Bd2 c5 6. Nf3 d5 7. a3 Bxc3 8. Bxc3 cxd4 9. exd4 Nc6 10. Be2 Ne4 11. Qc2 Nxc3 12. bxc3 b6 13. 0-0 Ba6 14. cxd5 Bxe2 15. Qxe2 Qxd5 16. Rfd1 Na5 17. Ne5 Rfc8 18. Qd3 Nc4 19. Nxc4 Rxc4 20. Qe3 Rac8 21. Rd3 Qa5 22. Qf3 Rxc3 23. Rxc3 Qxc3 24. Qxc3 Rxc3 25. g3 Kf8 26. Kg2 Rd3 27. Rc1 Rxa3 0-1